Handbook for technical writing
The book takes step-by-step along the path to more effective communication: * Section 1 shows how to match your ojectives for a specific piece of communication to the needs and objectives of your audience. * Section 2 discloses the six key steps you can use to make everything you write the best: pla...
Sparad:
| Huvudupphovsman: | |
|---|---|
| Materialtyp: | Bok |
| Språk: | Undetermined |
| Publicerad: |
Lincolwood, Illinois
NTC
1994
|
| Ämnen: | |
| Taggar: |
Lägg till en tagg
Inga taggar, Lägg till första taggen!
|
| Thư viện lưu trữ: | Trung tâm Học liệu Trường Đại học Cần Thơ |
|---|
| LEADER | 01288nam a2200205Ia 4500 | ||
|---|---|---|---|
| 001 | CTU_18703 | ||
| 008 | 210402s9999 xx 000 0 und d | ||
| 082 | |a 808.0666 | ||
| 082 | |b S544 | ||
| 100 | |a Shelton, James H | ||
| 245 | 0 | |a Handbook for technical writing | |
| 245 | 0 | |c James H Shelton | |
| 260 | |a Lincolwood, Illinois | ||
| 260 | |b NTC | ||
| 260 | |c 1994 | ||
| 520 | |a The book takes step-by-step along the path to more effective communication: * Section 1 shows how to match your ojectives for a specific piece of communication to the needs and objectives of your audience. * Section 2 discloses the six key steps you can use to make everything you write the best: planning, organization, outlining, rough draft, revision, and final draft. * Section 3 gives a point-by point analysis of every kind of technical document. * Section 4 gives fully executed examples of technical communications written by professional technical writers, with detailed explanations of how and why they communicate so effectively | ||
| 650 | |a english language,english language,technical writing | ||
| 650 | |x rhetoric,handbooks, manuals, etc,technical english,handbooks, manuals, etc,handbooks, manuals, etc | ||
| 904 | |i Minh, 970926 | ||
| 980 | |a Trung tâm Học liệu Trường Đại học Cần Thơ | ||